000 00343nam a2200145Ia 4500
008 231217s9999 xx 000 0 und d
041 _aEnglish
082 _a001.642 RAT;1 R
100 _aRathbone, Andy.
245 0 _aOS/2 for dummies
260 _c1993
_bPustak Mahal
_aBangalore
300 _axvi+341
650 _aOS/2
942 _cAA
999 _c182634
_d182634